000 00524nam a2200181Ia 4500
003 OSt
005 20200727121356.0
008 190216s9999||||xx |||||||||||||| ||und||
020 _a9798181283282
040 _coclc
082 _a514.3
_bKEL/G
100 _aKelley, John L
_93776
245 0 _aGeneral Topology /
_cJohn L Kelley
260 _bSpringer International Student Edition,
_aNew Delhi:
_c1975.
300 _a298p
650 _aMathematics
942 _cBK
_2ddc
_h514.3
_iKEL/G
_k514.3
_mKEL/G
999 _c31960
_d31960